<?xml version="1.0" encoding="UTF-8"?>
<collection xmlns="http://www.loc.gov/MARC21/slim">
    <record>
        <controlfield tag="001">65863</controlfield>
        <controlfield tag="005">20180223094327.0</controlfield>
        <datafield tag="037" ind1=" " ind2=" ">
            <subfield code="a">GDOC-2016-25401</subfield>
        </datafield>
        <datafield tag="041" ind1=" " ind2=" ">
            <subfield code="a">spa</subfield>
        </datafield>
        <datafield tag="100" ind1=" " ind2=" ">
            <subfield code="0">(orcid)0000-0001-5013-1269</subfield>
            <subfield code="1">121625</subfield>
            <subfield code="a">Belloso Alcay, Ana Victoria</subfield>
        </datafield>
        <datafield tag="245" ind1="0" ind2="0">
            <subfield code="9">25401</subfield>
            <subfield code="a">Anatomía humana</subfield>
        </datafield>
        <datafield tag="242" ind1="0" ind2="0">
            <subfield code="9">25401</subfield>
            <subfield code="a">Human Anatomy</subfield>
        </datafield>
        <datafield tag="260" ind1=" " ind2=" ">
            <subfield code="a">Zaragoza</subfield>
            <subfield code="b">Universidad de Zaragoza</subfield>
            <subfield code="c">2016-2017</subfield>
        </datafield>
        <datafield tag="520" ind1=" " ind2=" ">
            <subfield code="a">Breve presentación de la asignatura
El estudio de la Anatomía Humana pretende dotar al alumnado de un conocimiento claro y preciso de los aspectos morfológicos del ser humano, de su organización, su disposición en las diferentes regiones y la relación entre forma y función de las mismas, asi como de un léxico específico para el desarrollo de su profesión. El conocimiento anatómico es imprescindible para comprender al ser humano en su normalidad, como base para la comprensión de sus desviaciones patológicas. No solo es la base sobre la que se apoyan otras materias del curriculum sino también para el desempeño del ejercicio profesional del enfermero.
Es una asignatura  básica de carácter anual que se imparte en el primer curso de  la titulación. Su carga lectiva es de 10 ECTS.
La metodología comprende clases teóricas y sesiones prácticas.</subfield>
            <subfield code="b"> </subfield>
        </datafield>
        <datafield tag="521" ind1=" " ind2=" ">
            <subfield code="9">101</subfield>
            <subfield code="a">Enfermería</subfield>
        </datafield>
        <datafield tag="540" ind1=" " ind2=" ">
            <subfield code="a">by-nc-sa</subfield>
            <subfield code="b">Creative Commons</subfield>
            <subfield code="c">3.0</subfield>
            <subfield code="u">http://creativecommons.org/licenses/by-nc-sa/3.0/</subfield>
        </datafield>
        <datafield tag="700" ind1=" " ind2=" ">
            <subfield code="0">(orcid)0000-0002-1840-0315</subfield>
            <subfield code="1">139247</subfield>
            <subfield code="a">Pérez Sanz, José Raúl</subfield>
        </datafield>
        <datafield tag="830" ind1=" " ind2=" ">
            <subfield code="9">560</subfield>
        </datafield>
        <datafield tag="830" ind1=" " ind2=" ">
            <subfield code="9">559</subfield>
        </datafield>
        <datafield tag="830" ind1=" " ind2=" ">
            <subfield code="9">280</subfield>
        </datafield>
        <datafield tag="830" ind1=" " ind2=" ">
            <subfield code="9">561</subfield>
        </datafield>
        <datafield tag="830" ind1=" " ind2=" ">
            <subfield code="9">281</subfield>
        </datafield>
        <datafield tag="830" ind1=" " ind2=" ">
            <subfield code="9">273</subfield>
        </datafield>
        <datafield tag="856" ind1="4" ind2=" ">
            <subfield code="s">18350</subfield>
            <subfield code="u">http://zaguan.unizar.es/record/65863/files/guia-25401-es.pdf</subfield>
            <subfield code="y">Guía (idioma español)</subfield>
        </datafield>
        <datafield tag="856" ind1="4" ind2=" ">
            <subfield code="s">7620</subfield>
            <subfield code="u">http://zaguan.unizar.es/record/65863/files/guia-25401-en.pdf</subfield>
            <subfield code="y">Guide (english)</subfield>
        </datafield>
        <datafield tag="970" ind1=" " ind2=" ">
            <subfield code="a">GDOC-2016-25401</subfield>
        </datafield>
        <datafield tag="980" ind1=" " ind2=" ">
            <subfield code="a">GDOC</subfield>
            <subfield code="b">Ciencias de la salud</subfield>
            <subfield code="c">127</subfield>
        </datafield>
        <datafield tag="980" ind1=" " ind2=" ">
            <subfield code="a">GDOC</subfield>
            <subfield code="b">Ciencias de la salud</subfield>
            <subfield code="c">275</subfield>
        </datafield>
        <datafield tag="980" ind1=" " ind2=" ">
            <subfield code="a">GDOC</subfield>
            <subfield code="b">Ciencias de la salud</subfield>
            <subfield code="c">375</subfield>
        </datafield>
    </record>

    
</collection>